000 00580nam a2200181 i 4500
001 bg
100 1 _aGIES, Johannes.
245 0 _aElementarne naprawy odbiorników telewizyjnych /
_cJ[ohannes] Gies, C[arl] M[artin] Kirsch ; [Tłum. z niem. A. Wójciak, P. Kaźmierkowski].
260 _aWarszawa :
_bWydawn. Komunik. i Łączn.,
_c1977.
300 _as. 94, nlb. 2 :
_brys., ilustr.
504 _a[Zawiera bibliogr.].
700 1 _aKIRSCH, Carl Martin.
040 _cBPK
041 _apol
080 _a621.397
942 _cKS
008 s pl f |000 0 pol
999 _c26985
_d26985
856 _uhttp://koha.tu.koszalin.pl/cgi-bin/koha/opac-detail.pl?biblionumber=26985
_yKatalog online BPK